=LDR 00000nam 2200000 4500 =001 INLIS000000000026651 =005 20200810072329 =035 ##$$a 0010-061300000026651 =008 200810###########################0#ind## =041 ##$$a ind =082 ##$$a 2x6.1 =090 ##$$a 2x6.1, Sha k =100 ##$$a Shabri, Kamil =245 1#$$a Ketika air mata tersenyum, Kamil Shabri; penerjemah, Misbah; Editor, Fajar Inayati =260 ##$$a 2007 :$b Jakarta =300 ##$$a 232 hlm., 14 cm =650 #4$$a Problematika Rumah Tangga (Islam) =700 #$$a Misbah =850 ##$$a NBPNMAT